[Event "SVK-chT2B 2425"]
[Site "Slovakia"]
[Date "2024.12.01"]
[Round "4.6"]
[White "Danko, Frantisek"]
[Black "Zilkay, Dominik"]
[Result "1/2-1/2"]
[WhiteElo "1801"]
[BlackElo "1851"]
[PlyCount "36"]
[EventDate "2024.11.09"]
[EventType "team-tourn"]
[EventRounds "11"]
[EventCountry "SVK"]
[SourceTitle "CB51_2024"]
[SourceDate "2024.12.18"]
[SourceVersion "1"]
[SourceVersionDate "2024.12.18"]
[SourceQuality "1"]
[WhiteTeam "Handlova"]
[BlackTeam "Levice II"]
[WhiteTeamCountry "SVK"]
[BlackTeamCountry "SVK"]

1. e4 c5 2. Nf3 Nc6 3. d4 cxd4 4. Nxd4 Nf6 5. Nc3 e5 6. Ndb5 d6 7. Bg5 a6 8. Na3 b5 9. Nd5 Be7 10. Bxf6 Bxf6 11. c3 0-0 12. Nc2 Bg5 13. Bd3 Ne7 14. Nce3 f5 15. Nxe7+ Qxe7 16. Nd5 Qd8 17. 0-0 f4 18. Bc2 Be6 1/2-1/2

[Event "SVK-chT2B 2324"]
[Site "Slovakia"]
[Date "2024.03.16"]
[Round "10.7"]
[White "Zilkay, Dominik"]
[Black "Drazo, Pavol"]
[Result "1-0"]
[WhiteElo "1859"]
[BlackElo "1846"]
[PlyCount "71"]
[EventDate "2023.10.07"]
[EventType "team-tourn"]
[EventRounds "11"]
[EventCountry "SVK"]
[SourceTitle "EXT 2025"]
[Source "ChessBase"]
[SourceDate "2024.10.14"]
[SourceVersion "1"]
[SourceVersionDate "2024.10.14"]
[SourceQuality "1"]
[WhiteTeam "Levice III"]
[BlackTeam "Prievidza II"]
[WhiteTeamCountry "SVK"]
[BlackTeamCountry "SVK"]

1. e4 e5 2. Nf3 Nf6 3. d4 Nxe4 4. Bd3 d5 5. dxe5 Nc5 6. 0-0 Be7 7. Be3 Be6 8. Nd4 Nxd3 9. cxd3 Qd7 10. Nxe6 Qxe6 11. Qa4+ Nc6 12. d4 0-0 13. Nc3 a6 14. Qb3 Rfd8 15. f4 f5 16. Rf3 Na5 17. Qc2 Nc4 18. Bf2 b5 19. b3 Na3 20. Qd3 Rac8 21. Rd1 g6 22. h4 h5 23. Kh2 Kf7 24. Ne2 c5 25. dxc5 Bxc5 26. Bxc5 Rxc5 27. Nd4 Qc8 28. e6+ Ke7 29. Rd2 Rc1 30. Rg3 Qc7 31. Nxf5+ Kf6 32. Qd4+ Kxf5 33. Rg5+ Kxe6 34. Rxg6+ Kf5 35. Rg5+ Ke6 36. Re2+ 1-0

[Event "SVK-chT2B 2122"]
[Site "Slovakia"]
[Date "2022.03.26"]
[Round "8.4"]
[White "Zilkay, Dominik"]
[Black "Sarkozi, Szabolcs"]
[Result "0-1"]
[WhiteElo "1703"]
[BlackElo "2088"]
[PlyCount "92"]
[EventDate "2021.10.16"]
[EventType "team-tourn"]
[EventRounds "11"]
[EventCountry "SVK"]
[SourceTitle "EXT 2023"]
[Source "ChessBase"]
[SourceDate "2022.10.05"]
[SourceVersion "1"]
[SourceVersionDate "2022.10.05"]
[SourceQuality "1"]
[WhiteTeam "Levice II"]
[BlackTeam "Komarno II"]
[WhiteTeamCountry "SVK"]
[BlackTeamCountry "SVK"]

1. e4 c5 2. Nc3 Nc6 3. f4 g6 4. Nf3 Bg7 5. d3 d6 6. g3 f5 7. Bg2 Nh6 8. 0-0 0-0 9. h3 Nf7 10. Bd2 Rb8 11. a4 a6 12. Nh4 Nd4 13. Rb1 b5 14. axb5 axb5 15. Nd5 e6 16. Ne3 Qb6 17. c3 Nc6 18. Kh2 Ne7 19. g4 Bf6 20. Qe1 e5 21. exf5 exf4 22. fxg6 hxg6 23. Nd5 Nxd5 24. Bxd5 Kg7 25. Bxf4 g5 26. Nf5+ Bxf5 27. gxf5 Rbe8 28. Be3 Rh8 29. Rg1 Be5+ 30. Kg2 Bf4 31. Be4 Bxe3 32. Qxe3 d5 33. f6+ Kf8 34. Rbe1 dxe4 35. dxe4 Qc6 36. Qf2 Rh4 37. Qf5 Rhxe4 38. Rxe4 Qxe4+ 39. Qxe4 Rxe4 40. Kf3 Rf4+ 41. Kg3 Rxf6 42. h4 gxh4+ 43. Kxh4 Rh6+ 44. Kg3 Rg6+ 45. Kf2 Rxg1 46. Kxg1 Ke7 0-1

[Event "SVK-chT2B 2122"]
[Site "Slovakia"]
[Date "2021.11.14"]
[Round "4.5"]
[White "Becko, Frantisek"]
[Black "Zilkay, Dominik"]
[Result "1/2-1/2"]
[WhiteElo "1883"]
[BlackElo "1703"]
[PlyCount "50"]
[EventDate "2021.10.16"]
[EventType "team-tourn"]
[EventRounds "11"]
[EventCountry "SVK"]
[SourceTitle "EXT 2023"]
[Source "ChessBase"]
[SourceDate "2022.10.05"]
[SourceVersion "1"]
[SourceVersionDate "2022.10.05"]
[SourceQuality "1"]
[WhiteTeam "Sala Slovan Duslo"]
[BlackTeam "Levice II"]
[WhiteTeamCountry "SVK"]
[BlackTeamCountry "SVK"]

1. e4 c5 2. Nf3 Nc6 3. b3 d6 4. Bb5 Bg4 5. 0-0 g6 6. h3 Bxf3 7. Qxf3 Bg7 8. Nc3 Nf6 9. e5 dxe5 10. Bxc6+ bxc6 11. Qxc6+ Nd7 12. Bb2 0-0 13. d3 Rc8 14. Qf3 e6 15. Rfe1 Qc7 16. Rad1 Rcd8 17. a4 a6 18. Ba3 f5 19. Ne2 Rfe8 20. Bc1 Nb6 21. Qg3 Rd7 22. c4 Qb8 23. Ba3 Nc8 24. Rb1 Red8 25. Red1 Qa7 1/2-1/2

[Event "Valasska Bystrice op 11th"]
[Site "Valasska Bystrice"]
[Date "2019.09.08"]
[Round "2"]
[White "Oktavec, Ivan"]
[Black "Zilkay, Dominik"]
[Result "0-1"]
[WhiteElo "1619"]
[BlackElo "1473"]
[PlyCount "158"]
[EventDate "2019.09.07"]
[EventType "swiss"]
[EventRounds "9"]
[EventCountry "CZE"]
[SourceTitle "EXT 2020"]
[Source "ChessBase"]
[SourceDate "2019.10.17"]
[SourceVersion "1"]
[SourceVersionDate "2019.10.17"]
[SourceQuality "1"]

1. d4 Nf6 2. Nf3 d5 3. e3 c6 4. Bd3 e6 5. Nbd2 Nbd7 6. 0-0 Be7 7. e4 dxe4 8. Nxe4 0-0 9. c3 c5 10. dxc5 Nxc5 11. Nxc5 Bxc5 12. Bg5 h6 13. Bh4 Be7 14. Qc2 Nd5 15. Bxe7 Qxe7 16. Rae1 Qc7 17. Be4 Nf6 18. Bd3 b6 19. Ne5 Bb7 20. Qe2 Rad8 21. Rd1 Nd7 22. Ng4 Qf4 23. f3 Nf6 24. Qe5 Qxe5 25. Nxe5 Nd5 26. Rfe1 Nf4 27. Bb5 Nd5 28. Kf2 a6 29. Bc6 Bxc6 30. Nxc6 Rc8 31. Ne5 b5 32. Rd4 Rfe8 33. Red1 Rc7 34. c4 bxc4 35. Rxc4 Rxc4 36. Nxc4 Rc8 37. b3 Kf8 38. Rd2 Ke7 39. g3 Rc7 40. f4 g5 41. Kf3 Rc5 42. Kg4 Nf6+ 43. Kf3 Nd5 44. h3 gxf4 45. gxf4 a5 46. Re2 f6 47. Rg2 Kf7 48. Rc2 Ke7 49. Re2 a4 50. Rc2 axb3 51. axb3 Nb6 52. Ne3 Rb5 53. Rc3 Nd5 54. Rd3 Nxe3 55. Kxe3 Rb4 56. Kf3 e5 57. Re3 Rxf4+ 58. Kg3 Ke6 59. Rc3 h5 60. Rd3 h4+ 61. Kg2 Rb4 62. Rc3 Kd5 63. Rf3 Ke6 64. Rc3 f5 65. Kf3 Kd5 66. Ke3 f4+ 67. Kf3 Kd4 68. Rc8 Rxb3+ 69. Kg4 f3 70. Rf8 e4 71. Kxh4 Ke3 72. Kg3 Rb2 73. h4 Rg2+ 74. Kh3 Rg7 75. h5 Ke2 76. h6 Rh7 77. Rf6 e3 78. Kg3 f2 79. Kg2 Rxh6 0-1

[Event "Levice Toth Memorial"]
[Site "Levice"]
[Date "2019.08.04"]
[Round "6"]
[White "Machalec, Vladimir"]
[Black "Zilkay, Dominik"]
[Result "1-0"]
[WhiteElo "1833"]
[BlackElo "1458"]
[PlyCount "93"]
[EventDate "2019.08.01"]
[EventType "swiss"]
[EventRounds "7"]
[EventCountry "SVK"]
[SourceTitle "EXT 2020"]
[Source "ChessBase"]
[SourceDate "2019.10.17"]
[SourceVersion "1"]
[SourceVersionDate "2019.10.17"]
[SourceQuality "1"]

1. c4 c6 2. Nf3 d5 3. e3 Nf6 4. d4 e6 5. Be2 dxc4 6. Bxc4 b5 7. Be2 Nbd7 8. 0-0 Bb7 9. a3 Be7 10. Nc3 a6 11. Bd2 c5 12. dxc5 Nxc5 13. Rc1 Nd3 14. Bxd3 Qxd3 15. Ne1 Qg6 16. f3 0-0 17. Qe2 Rfd8 18. Nc2 Rac8 19. e4 e5 20. Be3 Nd7 21. Rfd1 Nf6 22. Rxd8+ Rxd8 23. Rd1 Rc8 24. Ne1 h6 25. Nd3 Bd6 26. Bf2 Nh5 27. g4 Nf4 28. Nxf4 exf4 29. Nd5 Qe6 30. Qd2 g5 31. b4 Be5 32. Bc5 Bd6 33. Bxd6 Qxd6 34. Qb2 Bxd5 35. Rxd5 Qb6+ 36. Kg2 Re8 37. Qd2 Re6 38. Rd8+ Kg7 39. Qc3+ Rf6 40. Qc8 Rd6 41. Rg8+ Kf6 42. e5+ Kxe5 43. Qf5+ Kd4 44. Qe4+ Kc3 45. Rc8+ Kb3 46. Qc2+ Kxa3 47. Rc3+ 1-0

[Event "SVK-ch op"]
[Site "Ruzomberok"]
[Date "2019.07.04"]
[Round "6"]
[White "Zilkay, Dominik"]
[Black "Konkol, Emil"]
[Result "1-0"]
[WhiteElo "1328"]
[BlackElo "1714"]
[PlyCount "79"]
[EventDate "2019.06.29"]
[EventType "swiss"]
[EventRounds "9"]
[EventCountry "SVK"]
[SourceTitle "CBM 191 Extra"]
[Source "ChessBase"]
[SourceDate "2019.09.30"]
[SourceVersion "1"]
[SourceVersionDate "2019.09.30"]
[SourceQuality "1"]

1. e4 e5 2. Nf3 Nc6 3. d4 exd4 4. Bc4 Bb4+ 5. c3 dxc3 6. bxc3 Be7 7. 0-0 d6 8. Qb3 Be6 9. Bxe6 fxe6 10. Qxe6 Qd7 11. Qb3 0-0-0 12. Na3 Nf6 13. Rb1 b6 14. Qc4 Kb7 15. Nc2 d5 16. exd5 Qxd5 17. Qa4 Qa5 18. Qc4 a6 19. a4 Qf5 20. Rb2 Bc5 21. Be3 Bxe3 22. Nxe3 Qd3 23. Qb3 Na5 24. Qb4 Nc6 25. Qb3 a5 26. Rfb1 Rhe8 27. Nc4 Nd5 28. Rc1 Re2 29. Rbb1 Qf5 30. Qb5 Nde7 31. Nxa5+ Nxa5 32. Qxe2 Nec6 33. c4 Qd3 34. Qxd3 Rxd3 35. c5 Nb3 36. Rc2 bxc5 37. Rxc5 Ncd4 38. Nxd4 Rxd4 39. Rxb3+ Ka6 40. g3 1-0

[Event "SVK-ch op"]
[Site "Ruzomberok"]
[Date "2019.07.03"]
[Round "5"]
[White "Jakab, Stefan"]
[Black "Zilkay, Dominik"]
[Result "1/2-1/2"]
[WhiteElo "1751"]
[BlackElo "1328"]
[PlyCount "76"]
[EventDate "2019.06.29"]
[EventType "swiss"]
[EventRounds "9"]
[EventCountry "SVK"]
[SourceTitle "CBM 191 Extra"]
[Source "ChessBase"]
[SourceDate "2019.09.30"]
[SourceVersion "1"]
[SourceVersionDate "2019.09.30"]
[SourceQuality "1"]

1. e4 c5 2. Nf3 Nc6 3. d4 cxd4 4. Nxd4 Nf6 5. Nc3 e5 6. Ndb5 d6 7. Bg5 a6 8. Na3 b5 9. Nd5 Be7 10. Bxf6 Bxf6 11. Be2 0-0 12. 0-0 Nd4 13. c3 Nxe2+ 14. Qxe2 Bg5 15. Rad1 f5 16. f4 exf4 17. Nxf4 Qb6+ 18. Kh1 Kh8 19. Qh5 Bxf4 20. Rxf4 Qe3 21. Rdf1 g6 22. Qd1 Qc5 23. exf5 Rxf5 24. Nc2 Rxf4 25. Rxf4 Bb7 26. Qd4+ Qe5 27. Qf2 Kg8 28. h4 Qd5 29. a3 Re8 30. Nd4 Re1+ 31. Kh2 Qe5 32. Qg3 Re3 33. Nf3 Bxf3 34. Rxf3 Qxg3+ 35. Kxg3 Re2 36. Rf2 Re6 37. Kg4 Kg7 38. g3 h6 1/2-1/2

[Event "SVK-ch op"]
[Site "Ruzomberok"]
[Date "2019.07.01"]
[Round "3"]
[White "Malinovsky, Jozef"]
[Black "Zilkay, Dominik"]
[Result "1-0"]
[WhiteElo "1715"]
[BlackElo "1328"]
[PlyCount "55"]
[EventDate "2019.06.29"]
[EventType "swiss"]
[EventRounds "9"]
[EventCountry "SVK"]
[SourceTitle "CBM 191 Extra"]
[Source "ChessBase"]
[SourceDate "2019.09.30"]
[SourceVersion "1"]
[SourceVersionDate "2019.09.30"]
[SourceQuality "1"]

1. d4 d5 2. Nf3 Nf6 3. g3 c5 4. c3 Nc6 5. Bg2 Bf5 6. 0-0 e6 7. Nbd2 cxd4 8. Nxd4 Nxd4 9. cxd4 Be7 10. Qa4+ Qd7 11. Qxd7+ Kxd7 12. Nf3 Bd6 13. Nh4 Bc2 14. b3 h6 15. Bb2 Ke7 16. Rac1 Bh7 17. Rc3 Bb4 18. Rc7+ Nd7 19. Rxb7 Bd6 20. Rc1 f6 21. Nf3 Bg6 22. Bf1 Rhg8 23. Rc6 Be8 24. e3 Bg6 25. Bb5 Rgd8 26. Rxd6 Kxd6 27. Ba3+ Nc5 28. Bxc5# 1-0

[Event "SVK-ch U18/20"]
[Site "Liptovsky Mikulas"]
[Date "2019.04.30"]
[Round "9"]
[White "Zilkay, Dominik"]
[Black "Ciglian, Michal"]
[Result "1-0"]
[WhiteElo "1285"]
[BlackElo "1632"]
[PlyCount "47"]
[EventDate "2019.04.23"]
[EventType "swiss"]
[EventRounds "9"]
[EventCountry "SVK"]
[SourceTitle "CBM 190 Extra"]
[Source "ChessBase"]
[SourceDate "2019.07.15"]
[SourceVersion "1"]
[SourceVersionDate "2019.07.15"]
[SourceQuality "1"]

1. e4 e5 2. Nf3 Nc6 3. d4 exd4 4. Bc4 Bc5 5. c3 dxc3 6. Bxf7+ Kxf7 7. Qd5+ Kf8 8. Qxc5+ d6 9. Qd5 Nf6 10. Qc4 cxb2 11. Bxb2 Qe7 12. Nc3 Bf5 13. 0-0 Bxe4 14. Rfe1 d5 15. Qa4 Nb4 16. Nxe4 Nxe4 17. Ba3 c5 18. Nd2 Qd6 19. Nxe4 dxe4 20. Rxe4 Qf6 21. Rae1 Kf7 22. Qb3+ Kf8 23. Bxb4 Qc6 24. Rf4+ 1-0

[Event "SVK-ch U18/20"]
[Site "Liptovsky Mikulas"]
[Date "2019.04.28"]
[Round "7"]
[White "Zilkay, Dominik"]
[Black "Solcan, Martin"]
[Result "0-1"]
[WhiteElo "1285"]
[BlackElo "1957"]
[PlyCount "48"]
[EventDate "2019.04.23"]
[EventType "swiss"]
[EventRounds "9"]
[EventCountry "SVK"]
[SourceTitle "CBM 190 Extra"]
[Source "ChessBase"]
[SourceDate "2019.07.15"]
[SourceVersion "1"]
[SourceVersionDate "2019.07.15"]
[SourceQuality "1"]

1. b3 d5 2. Bb2 c5 3. Nf3 Nc6 4. e3 Nf6 5. g3 Bg4 6. Bg2 e6 7. 0-0 Be7 8. d3 0-0 9. Nbd2 Qc7 10. c4 Rfd8 11. Qc2 a6 12. d4 Bf5 13. Qd1 cxd4 14. exd4 dxc4 15. bxc4 Nb4 16. Qb3 Rac8 17. Ne5 Nc2 18. Rac1 Nxd4 19. Qe3 Bc5 20. Nb3 Nxb3 21. Qxb3 Ne4 22. Nf3 Qb6 23. Rc2 Qxb3 24. axb3 Nxg3 0-1

[Event "SVK-ch U18/20"]
[Site "Liptovsky Mikulas"]
[Date "2019.04.24"]
[Round "3"]
[White "Angelovic, Adrian"]
[Black "Zilkay, Dominik"]
[Result "1-0"]
[WhiteElo "1827"]
[BlackElo "1285"]
[PlyCount "99"]
[EventDate "2019.04.23"]
[EventType "swiss"]
[EventRounds "9"]
[EventCountry "SVK"]
[SourceTitle "CBM 190 Extra"]
[Source "ChessBase"]
[SourceDate "2019.07.15"]
[SourceVersion "1"]
[SourceVersionDate "2019.07.15"]
[SourceQuality "1"]

1. c4 c6 2. Nc3 Nf6 3. g3 d5 4. cxd5 cxd5 5. Bg2 e5 6. d4 exd4 7. Qxd4 Nc6 8. Qd1 d4 9. Ne4 Bf5 10. Bg5 Bb4+ 11. Kf1 Qe7 12. Nxf6+ gxf6 13. Bd2 Bc5 14. Qa4 Rc8 15. Rc1 Bd7 16. Qb3 Rb8 17. Qb5 Bd6 18. Qh5 h6 19. Bd5 Ne5 20. Nf3 Bg4 21. Qh4 h5 22. Nxe5 fxe5 23. Bg5 Qd7 24. h3 Be6 25. Be4 Be7 26. Kg2 Bxa2 27. Bxe7 Qxe7 28. Qxe7+ Kxe7 29. Rc7+ Kd6 30. Rhc1 Bd5 31. Bxd5 Kxd5 32. Rxf7 a6 33. Rcc7 b5 34. f4 exf4 35. gxf4 Rb6 36. Kf3 Rhh6 37. Rf5+ Kd6 38. Rcc5 Kd7 39. Rxh5 Rxh5 40. Rxh5 Rd6 41. Ke4 Rf6 42. Rd5+ Kc6 43. Rxd4 Rh6 44. Rd3 Re6+ 45. Kf3 Kc5 46. f5 Rh6 47. Ke4 Rh4+ 48. Ke5 Rb4 49. Rc3+ Kb6 50. b3 1-0

[Event "SVK-ch U18/20"]
[Site "Liptovsky Mikulas"]
[Date "2019.04.24"]
[Round "2"]
[White "Zilkay, Dominik"]
[Black "Matis, Tibor"]
[Result "1/2-1/2"]
[WhiteElo "1285"]
[BlackElo "1856"]
[PlyCount "95"]
[EventDate "2019.04.23"]
[EventType "swiss"]
[EventRounds "9"]
[EventCountry "SVK"]
[SourceTitle "CBM 190 Extra"]
[Source "ChessBase"]
[SourceDate "2019.07.15"]
[SourceVersion "1"]
[SourceVersionDate "2019.07.15"]
[SourceQuality "1"]

1. e4 c5 2. c3 d5 3. exd5 Qxd5 4. d4 Nf6 5. Nf3 Bg4 6. Nbd2 cxd4 7. cxd4 e6 8. Bc4 Qd6 9. Qb3 Qc7 10. 0-0 Bd6 11. h3 Bf5 12. Nh4 0-0 13. Nxf5 exf5 14. Nf3 Nc6 15. Bd3 g6 16. Be3 Rac8 17. Rac1 Qb8 18. a3 Rfe8 19. Bb1 b5 20. Ba2 Qb7 21. Rfd1 f4 22. Bd2 Ne4 23. Bc3 Rc7 24. d5 Ne7 25. Re1 Nf5 26. Qc2 Rce7 27. b4 Nxc3 28. Qxc3 Re2 29. Qd3 Rxe1+ 30. Rxe1 Rxe1+ 31. Nxe1 Qe7 32. Nf3 a6 33. a4 Bxb4 34. axb5 axb5 35. Qxb5 h6 36. Bb3 Bd6 37. Ba4 Kg7 38. Bc2 Nh4 39. Qb2+ Kg8 40. Bd1 Nf5 41. Bc2 Ng7 42. Qb5 Ne8 43. Qd3 Nf6 44. Kf1 Bb4 45. Nd2 Qc5 46. Ne4 Nxe4 47. Qxe4 Qd6 48. Qd3 1/2-1/2

[Event "SVK-ch U18/20"]
[Site "Liptovsky Mikulas"]
[Date "2019.04.23"]
[Round "1"]
[White "Bugar, Peter"]
[Black "Zilkay, Dominik"]
[Result "1-0"]
[WhiteElo "1951"]
[BlackElo "1285"]
[PlyCount "53"]
[EventDate "2019.04.23"]
[EventType "swiss"]
[EventRounds "9"]
[EventCountry "SVK"]
[SourceTitle "CBM 190 Extra"]
[Source "ChessBase"]
[SourceDate "2019.07.15"]
[SourceVersion "1"]
[SourceVersionDate "2019.07.15"]
[SourceQuality "1"]

1. c4 c6 2. Nf3 Nf6 3. Nc3 d5 4. e3 Nbd7 5. cxd5 cxd5 6. d4 e6 7. Bd3 g6 8. 0-0 Bg7 9. Bd2 0-0 10. Rc1 a6 11. a4 Qe7 12. Na2 Qd8 13. Qc2 Re8 14. Bc3 Nb8 15. b4 Nc6 16. b5 axb5 17. axb5 Na5 18. Bb4 Nd7 19. Nc3 b6 20. e4 dxe4 21. Bxe4 Ra7 22. Bc6 Bb7 23. Ne4 Qc7 24. Bd6 Qc8 25. Bg3 Bf8 26. Bxd7 Qxd7 27. Nf6+ 1-0

[Event "Levice op"]
[Site "Levice"]
[Date "2018.08.05"]
[Round "6"]
[White "Farkas, Juraj"]
[Black "Zilkay, Dominik"]
[Result "1-0"]
[WhiteElo "1631"]
[BlackElo "1291"]
[PlyCount "85"]
[EventDate "2018.08.02"]
[EventType "swiss"]
[EventRounds "7"]
[EventCountry "SVK"]
[SourceTitle "CBM 185 Extra"]
[Source "ChessBase"]
[SourceDate "2018.07.29"]
[SourceVersion "1"]
[SourceVersionDate "2018.07.29"]
[SourceQuality "1"]

1. e4 d6 2. d4 Nf6 3. Nc3 Nbd7 4. Nf3 e5 5. Be2 Be7 6. 0-0 c6 7. a4 Qc7 8. h3 h6 9. Be3 Nf8 10. Qd2 g5 11. dxe5 dxe5 12. Bc4 Ng6 13. Kh2 g4 14. Ng1 Nf4 15. g3 Nxh3 16. Nxh3 gxh3 17. f3 h5 18. Ne2 h4 19. gxh4 Rxh4 20. Bg5 Rh7 21. Rg1 Rh8 22. c3 Bc5 23. Bxf6 Bxg1+ 24. Rxg1 Rf8 25. Qg5 Qd6 26. Qxe5+ Qxe5+ 27. Bxe5 f6 28. Bd6 Rh8 29. Rg7 Bd7 30. Be7 f5 31. Bf6 Rf8 32. Be7 Rh8 33. Bg5 fxe4 34. fxe4 b5 35. axb5 cxb5 36. Bd5 Rb8 37. Nf4 Rf8 38. e5 Rb6 39. e6 Bc8 40. Re7+ Kd8 41. Rxa7+ Ke8 42. Re7+ Kd8 43. Rb7+ 1-0

[Event "Levice op"]
[Site "Levice"]
[Date "2018.08.04"]
[Round "5"]
[White "Zilkay, Dominik"]
[Black "Kolibik, Jan"]
[Result "0-1"]
[WhiteElo "1291"]
[BlackElo "1628"]
[PlyCount "46"]
[EventDate "2018.08.02"]
[EventType "swiss"]
[EventRounds "7"]
[EventCountry "SVK"]
[SourceTitle "CBM 185 Extra"]
[Source "ChessBase"]
[SourceDate "2018.07.29"]
[SourceVersion "1"]
[SourceVersionDate "2018.07.29"]
[SourceQuality "1"]

1. e4 e6 2. d4 d5 3. e5 c5 4. c3 Nc6 5. f4 Qb6 6. Nf3 Bd7 7. Be2 Nh6 8. 0-0 cxd4 9. cxd4 Nf5 10. Nc3 Ncxd4 11. Nxd4 Qxd4+ 12. Qxd4 Nxd4 13. Bg4 g6 14. Bd2 Bc5 15. Kh1 h5 16. Bh3 Nf5 17. a3 0-0-0 18. Rac1 Kb8 19. b4 Be3 20. Bxe3 Nxe3 21. Rfe1 Nc4 22. a4 Nb2 23. a5 Nd3 0-1

[Event "Levice op"]
[Site "Levice"]
[Date "2018.08.02"]
[Round "1"]
[White "Weis, Dusan1"]
[Black "Zilkay, Dominik"]
[Result "1-0"]
[WhiteElo "1803"]
[BlackElo "1291"]
[PlyCount "49"]
[EventDate "2018.08.02"]
[EventType "swiss"]
[EventRounds "7"]
[EventCountry "SVK"]
[SourceTitle "CBM 185 Extra"]
[Source "ChessBase"]
[SourceDate "2018.07.29"]
[SourceVersion "1"]
[SourceVersionDate "2018.07.29"]
[SourceQuality "1"]

1. e4 d6 2. d4 Nf6 3. Nc3 Nbd7 4. Nf3 e5 5. dxe5 dxe5 6. a3 c6 7. Bc4 Bc5 8. 0-0 h6 9. b4 Bb6 10. Bb2 0-0 11. Qe2 Qc7 12. Bb3 Re8 13. Rfe1 Nf8 14. h3 Ng6 15. Na4 a6 16. Nxb6 Qxb6 17. Rad1 Qc7 18. Nh2 Nf4 19. Qf3 h5 20. Qg3 Nh7 21. Nf3 Ng6 22. Qxg6 Nf6 23. Nxe5 Rxe5 24. Bxe5 Qxe5 25. Rd8+ 1-0

[Event "SVK-ch U16"]
[Site "Liptovsky Mikulas"]
[Date "2016.04.21"]
[Round "7"]
[White "Zilkay, Dominik"]
[Black "Rusnak, Patrik"]
[Result "0-1"]
[WhiteElo "1406"]
[BlackElo "1504"]
[PlyCount "74"]
[EventDate "2016.04.16"]
[EventType "swiss"]
[EventRounds "9"]
[EventCountry "SVK"]
[SourceTitle "CBM 172 Extra"]
[Source "ChessBase"]
[SourceDate "2016.06.21"]
[SourceVersion "1"]
[SourceVersionDate "2016.06.21"]
[SourceQuality "1"]

1. e4 e5 2. f4 Nc6 3. Nf3 d6 4. d4 exd4 5. Nxd4 Bd7 6. Bc4 g6 7. 0-0 Bg7 8. Be3 Nf6 9. Nc3 0-0 10. f5 Ne5 11. Be2 c6 12. Nf3 Qe7 13. Qd2 Neg4 14. Bg5 gxf5 15. exf5 Bxf5 16. Nh4 Bd7 17. Qf4 h6 18. Bxf6 Nxf6 19. Bd3 Qe5 20. Qxe5 dxe5 21. Nf3 Nd5 22. Ne4 Rad8 23. Nd6 b6 24. Nc4 Rfe8 25. Rfe1 f6 26. Bg6 Re7 27. h4 Nf4 28. Bd3 Nxd3 29. cxd3 Bg4 30. Re3 Red7 31. Ne1 Bf5 32. Kf2 Bxd3 33. Nxd3 Rxd3 34. Rxd3 Rxd3 35. g3 Rd4 36. Ne3 Rd2+ 37. Ke1 Rxb2 0-1

[Event "SVK-ch U16"]
[Site "Tatralandia"]
[Date "2015.04.24"]
[Round "8"]
[White "Kohut, Matej"]
[Black "Zilkay, Dominik"]
[Result "1-0"]
[WhiteElo "1599"]
[BlackElo "1167"]
[PlyCount "121"]
[EventDate "2015.04.18"]
[EventType "swiss"]
[EventRounds "9"]
[EventCountry "SVK"]
[SourceTitle "CBM 166 Extra"]
[Source "ChessBase"]
[SourceDate "2015.06.18"]
[SourceVersion "1"]
[SourceVersionDate "2015.06.18"]
[SourceQuality "1"]

1. e4 e5 2. Nf3 Nc6 3. Bc4 Nf6 4. Nc3 Bc5 5. d3 d6 6. h3 a6 7. Bg5 Na5 8. Bb3 Nxb3 9. axb3 h6 10. Be3 Bxe3 11. fxe3 0-0 12. 0-0 Re8 13. Re1 d5 14. exd5 Nxd5 15. Qd2 Nxc3 16. Qxc3 Qf6 17. Qxc7 Bxh3 18. Qxb7 Qg6 19. Nxe5 Qg3 20. Qxf7+ Kh8 21. Qf3 Qxe5 22. Qxh3 Qxb2 23. Rec1 Rac8 24. Qd7 Qe5 25. e4 Qg5 26. Qf5 Qe3+ 27. Qf2 Qg5 28. Rf1 Qb5 29. Ra2 a5 30. Rfa1 Ra8 31. Qd2 Re5 32. Ra4 Rg5 33. b4 Qb6+ 34. Qf2 Qc7 35. bxa5 Raxa5 36. Rxa5 Rxa5 37. Rxa5 Qxa5 38. Qf8+ Kh7 39. Qf5+ Qxf5 40. exf5 Kg8 41. Kf2 Kf7 42. Kf3 Kf6 43. Ke4 h5 44. Kf4 h4 45. c3 Ke7 46. Ke5 Kd7 47. c4 Kc6 48. d4 Kd7 49. d5 Kc7 50. Ke6 Kb6 51. d6 Kc5 52. d7 h3 53. gxh3 Kxc4 54. d8Q Kc3 55. Qh4 Kc2 56. Qg3 Kd2 57. Qg2+ Ke1 58. Ke5 Kd1 59. Kd4 Kc1 60. Kc3 Kb1 61. Qb2# 1-0